О прикладном искусстве. Некоторые вопросы теории

Bibliographische Detailangaben
1. Verfasser: Каган М. С. Моисей Самойлович
Sprache:Russisch
Veröffentlicht: Ленинград, Художник РСФСР, 1961
Schlagworte:
Format: Buch
KOHA link:https://koha.lib.tpu.ru/cgi-bin/koha/opac-detail.pl?biblionumber=327229

MARC

LEADER 00000nam0a2200000 4500
001 327229
005 20231102003935.0
035 |a (RuTPU)RU\TPU\book\352889 
090 |a 327229 
100 |a 20170126d1961 m y0rusy50 ca 
101 0 |a rus 
102 |a RU 
105 |a a z 000zy 
200 1 |a О прикладном искусстве. Некоторые вопросы теории  |f М. С. Каган 
210 |a Ленинград  |c Художник РСФСР  |d 1961 
215 |a 160 с.  |c ил. 
606 1 |a Прикладное искусство  |2 stltpush  |3 (RuTPU)RU\TPU\subj\51674  |9 70246 
610 1 |a теория 
610 1 |a формы 
675 |a 745  |v 4 
700 1 |a Каган  |b М. С.  |g Моисей Самойлович 
801 1 |a RU  |b 63413507  |c 20170126 
801 2 |a RU  |b 63413507  |c 20210407  |g RCR 
942 |c BK